000 01064naa a2200301 c 4500
001 38355
003 ES-MaCES
005 20080331100200.0
008 080328n2008 sp t 000 | spa d
035 _aCES20080000796v
040 _aES-MaCES
_bspa
_cES-MaCES
100 1 _aVarés, Fernando
_925534
245 1 3 _aEl nuevo plan de regadios 2008-2013 se basará en la sostenibilidad y en la eficiencia del uso del agua.
_cFernando Varés
500 _aindice
650 4 _aEspaña
_926964
650 4 _aplan nacional
_927018
650 4 _aplanificación
_927021
650 4 _ainfraestructura
_928025
650 4 _adistribución del agua
_928817
650 4 _autilización del agua
_928823
650 4 _aárea de regadío
_930378
650 4 _arecursos hídricos
_928722
653 1 0 _aPolíticas sectoriales
773 0 _tVida rural, la revista del campo
_gaño 15, n. 264 (1 marzo 2008){10403 R. 070401}; p. 16-18
_w(ES-MaCES)25413
_956097
902 _aART Artículo de revista
942 _2CES
_cAR
_h5.2.
999 _c38355
_d38355